God's Equation : Einstein, Relativity, and the Expanding Universe /

Gardado en:
Detalles Bibliográficos
Autor Principal: Aczel, Amir D. (autor)
Formato: Libro
Idioma:inglés
Publicado: Nueva York, EUA : Four Walls Eight Windows, 1999, c1999
Etiquetas: Engadir etiqueta
Sen Etiquetas, Sexa o primeiro en etiquetar este rexistro!

MARC

LEADER 00000nam^a2200000^a^4500
001 000578661
005 20250521000000.0
009 20260310132514.031
020 |a 1-56858-137-8 
037 |a Acervo ITESO - Biblioteca 
041 |a ING 
091 |a FLG. 00425 
100 |a Aczel, Amir D.  |e (autor) 
245 1 0 |a God's Equation :  |b Einstein, Relativity, and the Expanding Universe / 
264 4 |a Nueva York, EUA :  |b Four Walls Eight Windows,  |c 1999, c1999 
300 |a XVII, 236 p. 
336 |a texto  |b txt  |2 rdacontenido 
337 |a sin mediación  |b n  |2 rdamedio 
338 |a volumen  |b nc  |2 rdasoporte 
649 |a XX 
910 |a Fondo Luis González de Alba 
920 |a Impresos - Libros 
930 |a Fondos Especiales 
905 |a 141 
901 |a 0500397970  |b IT2  |c ESP  |i D103651  |u 20250521 
902 |a https://opac.biblio.iteso.mx/vufind/Record/000578661